| 000 | 00472nam a2200181Ia 4500 | ||
|---|---|---|---|
| 008 | 220531s9999 xx 000 0 und d | ||
| 041 | _aeng | ||
| 082 | _bECO / GHO | ||
| 100 |
_aGhosh, R. _984687 |
||
| 245 | _aEconomics Research On Sustainability: Ecological Issues | ||
| 250 | _a1ST | ||
| 260 |
_aNew Delhi _bGlobal vision _c2016 |
||
| 300 | _a315 | ||
| 542 | _d31-05-2018 | ||
| 650 |
_aEconomics _984688 |
||
| 906 |
_d2018-2019 _f12629 |
||
| 999 |
_c46588 _d46588 |
||